| 000 | 01776cam a22004694 4500 | ||
|---|---|---|---|
| 003 | PE-LiUPU | ||
| 005 | 20250731173414.0 | ||
| 008 | 2000 xxka 0 | ||
| 020 | _a1841270733 | ||
| 035 | _a(Sirsi) i9781841270739 | ||
| 035 | _a(Sirsi) 46681 | ||
| 035 | _a(Sirsi) 46681 | ||
| 041 | _aen | ||
| 044 | _aus | ||
| 082 | 0 | 4 |
_a228.06 _bC82 |
| 100 | 1 | _aCourt, John M. | |
| 245 | 1 | 4 |
_aThe book of revelation and the johannine apocalyptic tradition / _cJohn M Court. |
| 264 | 1 |
_aSheffield, England : _bSheffield Academic Press, _c2000 |
|
| 300 |
_a168 páginas : _bilustraciones ; _c24 centímetros |
||
| 490 | 0 |
_aJournal for the study of the New Testament, Supplement series _v190 |
|
| 505 | 0 | _aIntroduction: the book of revelation and the Johannine Apocalyptic tradition -- Visions of hell -- The second Apocalypse of John -- The Apocalypse of St John Chrysostom -- The third Apocalypse of John -- The coptic apocalypse of John. | |
| 526 | _aSEG42 | ||
| 526 | _aSEG41 | ||
| 526 | _aSEG40 | ||
| 526 | _aSEG39 | ||
| 526 | _aP94 | ||
| 526 | _aP87 | ||
| 526 | _aP86 | ||
| 526 | _aP85 | ||
| 526 | _aP77 | ||
| 526 | _aP76 | ||
| 526 | _aP35 | ||
| 630 | 0 | 4 |
_aBiblia _pN.T. _xCristianismo, interpretación, etc. |
| 942 |
_2ddc _cBOOK |
||
| 949 |
_a228.06 C82 _i64286 _lCCODEBUL1 _mBUL _tLIBRO _o.STAFF. |
||
| 859 |
_q64286 _h228.06 _iC82 |
||
| 910 |
_bjv _clch _d20120316 |
||
| 596 | _a1 | ||
| 999 |
_aPGT 228.06 C82 _wDEWEY _c53078 _i64286 _d53078 _e2016-5-23 _f2021-11-9 _g5 _lCCODEBUL1 _mBUL _n1 _p155.00 _q4 _r0 _sY _tBOOK _u2015-7-6 _xTEOLOGIA _PP85 _0COMPRA _o.CIRCNOTE. Material e alto precio _o.STAFF. Colección GTeología |
||
| 980 |
_81 _gALBERTO SANCHEZ Responsable de Automatización |
||